000 00994nmm a2200301 a 4500
001 ocm0001864710
003 TR-IsHL
005 20201028171827.0
008 180409s2016 tu eng
007 cr cn
020 _a9781542316637
035 _a1864710
_b(N$T)
050 0 4 _aBL325.S8
_bT5 2016
090 0 4 _aBL325.S8
_bT5 2016
100 1 _aTitcomb, Sarah Elizabeth
245 1 0 _aAryan sun-myths the origin of religions
_h[electronic resource] /
_cSarah Elizabeth Titcomb ; introduction by Charles Morris
260 _aİstanbul :
_be-Kitap Projesi & Cheapest Books,
_c2016
300 _a192 p.
650 4 _aFelsefe, Psikoloji ve Din
650 4 _aPhilosophy, Psychology and Religion
650 0 _aDinler
650 0 _aReligions
650 0 _aGüneş ibadeti
650 0 _aSun worship
650 7 _aRELIGION / History
_2bisacsh
700 1 _aMorris, Charles
856 4 0 _uhttp://search.ebscohost.com/login.aspx?direct=true&scope=site&db=e011xww&AN=1864710
999 _c16898
_d16898